000 01226nam a2200229Ia 4500
003 Ost
005 20260507075537.0
008 260507s9999||||xx |||||||||||||| ||und||
020 _a9771748092
040 _cfsecg
041 _aara
082 _a657
100 _aلطفي، أمين السيد أحمد
_eمؤلف
245 0 _aالمراجعة و خدمات التأكد بعد قانون Sarbanes -Oxley /
_c أمين السيد أحمد لطفي
260 _aالاسكندرية:
_bالدار الجامعية,
_c2008
300 _a620 صفحة؛
_bإيضاحات ؛
_c24 سم
504 _a(اقتناءات 2014 ب 3نسخ)
520 _aيضم طبيعة ودور المراجعة وخدمات التأكيد، أثر قانون Sarbanex-Oxley، تقاير المراجعة، عمليات المراجعة المتكاملة للشركات العامة، خدمات الاضافية على المعلومات المالية التاريخية، خدمات التاكيد الأضافية على معلومات أخرى، تقرير المراجعين عن اكتشاف المعلومات المالية المضللة(الغش)
653 _aالمراجعة
653 _aمحاسبة
942 _cكتاب
999 _c44845
_d44845